000 00639nam a2200205 i 4500
001 104464
003 ES-MaACL
005 20250804062542.0
007 t|
008 051130s1968 sp ||||1| spa d
100 1 _aMiller, George A.
_981208
245 1 0 _aIntroducción a la psicología /
_cGeorge A. Miller; [traductor: Carlos Martín Ramírez].
260 _aMadrid :
_bAlianza,
_c1968.
300 _a495 p. ;
_c18 cm.
490 1 _aEl libro de bolsillo ;
_v130
700 1 _aMartín Ramírez, Carlos.
_977616
830 0 3 _aEl libro de bolsillo
_v130
_9177802
852 _aES-MaACL
_jC-34818
_bR.67232
999 _c104464
_d104464